000
00335nam a2200109Ia 4500
008
221009s9999 xx 000 0 und d
082
_a
800 CHA
100
_a
चतुर्वेदी ज्ञान
_9
42780
245
0
_a
ज्ञान चतुर्वेदी
260
_b
समांतर प्रकाशन
942
_c
BK
999
_c
64714
_d
64714